<?xml version="1.0" encoding="UTF-8"?>
<record
    xmlns:xsi="http://www.w3.org/2001/XMLSchema-instance"
    xsi:schemaLocation="http://www.loc.gov/MARC21/slim http://www.loc.gov/standards/marcxml/schema/MARC21slim.xsd"
    xmlns="http://www.loc.gov/MARC21/slim">

  <leader>01268cam a2200301 i 4500</leader>
  <controlfield tag="001">sa 68018616 </controlfield>
  <controlfield tag="003">DLC</controlfield>
  <controlfield tag="005">20260227112713.0</controlfield>
  <controlfield tag="008">811023m19571968ii       b    000 0 san  </controlfield>
  <datafield tag="010" ind1=" " ind2=" ">
    <subfield code="a">sa 68018616 </subfield>
  </datafield>
  <datafield tag="025" ind1=" " ind2=" ">
    <subfield code="a">PL480:I-San-1136</subfield>
  </datafield>
  <datafield tag="040" ind1=" " ind2=" ">
    <subfield code="a">DLC</subfield>
    <subfield code="c">DLC</subfield>
    <subfield code="d">DLC</subfield>
  </datafield>
  <datafield tag="043" ind1=" " ind2=" ">
    <subfield code="a">a-ii---</subfield>
  </datafield>
  <datafield tag="050" ind1="0" ind2="0">
    <subfield code="a">ML338.2</subfield>
    <subfield code="b">.K84</subfield>
  </datafield>
  <datafield tag="100" ind1="0" ind2=" ">
    <subfield code="a">Kumbha,</subfield>
    <subfield code="c">Maharana of Mewar,</subfield>
    <subfield code="d">active 1433-1468.</subfield>
  </datafield>
  <datafield tag="245" ind1="1" ind2="0">
    <subfield code="a">Nr&#x325;tyaratnako&#x15B;a :</subfield>
    <subfield code="b">vividhap&#x101;&#x1E6D;habhed&#x101;di samala&#x1E45;kr&#x325;ta /</subfield>
    <subfield code="c">Nr&#x325;pati Kumbhakar&#x1E47;adeva pra&#x1E47;&#x12B;ta ; samp&#x101;daka Rasikal&#x101;la Cho&#x1E6D;&#x101;l&#x101;la Par&#x12B;kha tath&#x101; Priyab&#x101;l&#x101; &#x15A;&#x101;h&#x101;.</subfield>
  </datafield>
  <datafield tag="260" ind1=" " ind2=" ">
    <subfield code="a">Jayapura :</subfield>
    <subfield code="b">Sa&#xF1;c&#x101;laka, R&#x101;jasth&#x101;na Pur&#x101;tattv&#x101;nvesha&#x1E47;a Mandira,</subfield>
    <subfield code="c">1957-1968.</subfield>
  </datafield>
  <datafield tag="300" ind1=" " ind2=" ">
    <subfield code="a">2 v.  (7, 232, 76 p.) ;</subfield>
    <subfield code="c">25 cm.</subfield>
  </datafield>
  <datafield tag="490" ind1="1" ind2=" ">
    <subfield code="a">Rajasth&#x101;na pur&#x101;tana grantham&#x101;l&#x101; ;</subfield>
    <subfield code="v">granth&#x101;&#x1E45;ka 24-25</subfield>
  </datafield>
  <datafield tag="500" ind1=" " ind2=" ">
    <subfield code="a">Vol. 2: Pratham&#x101;vrtti.</subfield>
  </datafield>
  <datafield tag="500" ind1=" " ind2=" ">
    <subfield code="a">Vol. 2 has imprint: R&#x101;jasth&#x101;na Pr&#x101;cyavidy&#x101; Pratish&#x1E6D;h&#x101;na, Jodhapura.</subfield>
  </datafield>
  <datafield tag="500" ind1=" " ind2=" ">
    <subfield code="a">In Sanskrit; introductory matter in Hindi.</subfield>
  </datafield>
  <datafield tag="504" ind1=" " ind2=" ">
    <subfield code="a">Bibliography: p. [75]-76 (last group)</subfield>
  </datafield>
  <datafield tag="650" ind1=" " ind2="0">
    <subfield code="a">Music</subfield>
    <subfield code="z">India</subfield>
    <subfield code="x">History and criticism.</subfield>
  </datafield>
  <datafield tag="700" ind1="1" ind2=" ">
    <subfield code="a">Parikh, Rasiklal Chhotalal,</subfield>
    <subfield code="d">1897-1982.</subfield>
  </datafield>
  <datafield tag="700" ind1="1" ind2=" ">
    <subfield code="a">Shah, Priyabala,</subfield>
    <subfield code="d">1920-</subfield>
  </datafield>
  <datafield tag="830" ind1=" " ind2="0">
    <subfield code="a">R&#x101;jasth&#x101;na puratana grantham&#x101;l&#x101; ;</subfield>
    <subfield code="v">granthanka 24-25.</subfield>
  </datafield>
  <datafield tag="999" ind1=" " ind2=" ">
    <subfield code="c">88537</subfield>
    <subfield code="d">88537</subfield>
  </datafield>
</record>
